000 01333nam a22002537a 4500
999 _c57656
_d57656
003 Ge_BSU
005 20200901103012.0
008 200901s2019 ge ||||| |||| 00| 0 geo d
020 _a9789941304873
041 _ageo
080 _a340.12 უ-24
100 _a უაქსი, რეიმონდ
_99346
245 _a სამართალი :
_bძალიან მოკლე შესავალი /
_cრეიმონდ უაქსი ; მთარგმნ. ე. სუმბათაშვილი; რედ. ვ. მენაბდე, მ. სესკურია ; დიზაინერი ია მახათაძე.
250 _aმეორე გამოცემა
264 _aთბილისი :
_bბაკურ სულაკაურის გამ-ბა,
_c2019.
300 _a236 გვ.
_b17 სმ.
501 _aსაძიებელი გვ. 225-235
653 _aსამართალი
700 _a სუმბათაშვილი, ე.
_eმთარგმნელი
_99347
700 _aმენაბდე, ვ.
_eრედაქტორი
_99348
700 _aსესკურია, მ.
_eრედაქტორი
_99349
700 _aმახათაძე, ია
_eდიზაინერი
_95299
942 _2udc
_cBK